000 00543cam a22001817i 4500
999 _c7504
_d7504
003 OSt
005 20200312055438.0
008 200311s2003 at a 001 0 eng
020 _a9781876907693
_q(hardcover)
040 _aDLC
_beng
_erda
_cDLC
082 _a728.314097
_bCRO
100 1 _aCrosbie, Michael J.,
_eauthor.
245 1 0 _aMulti-family housing :
_bthe art of sharing /
_cMichael J. Crosbie.
300 _a208 pages :
_billustrations (chiefly color) ;
_c31 cm
500 _aincludes index.
653 _aApartment houses.
942 _2ddc